Chuyện kể về những nhà hóa học

Đã lưu trong:
Sonraí Bibleagrafaíochta
Príomhúdar: Vũ, bội Tuyền
Formáid: Leabhar
Teanga:Undetermined
Foilsithe: Hà Nội Thanh niên 2005
Ábhair:
Clibeanna: Cuir Clib Leis
Gan Chlibeanna, Bí ar an gcéad duine leis an taifead seo a chlibeáil!
Thư viện lưu trữ: Trung tâm Học liệu Trường Đại học Cần Thơ
LEADER 00550nam a2200205Ia 4500
001 CTU_101572
008 210402s9999 xx 000 0 und d
020 |c 28000 
082 |a 540.92 
082 |b T527 
100 |a Vũ, bội Tuyền 
245 0 |a Chuyện kể về những nhà hóa học 
245 0 |c Vũ bội Tuyền 
260 |a Hà Nội 
260 |b Thanh niên 
260 |c 2005 
650 |a Chemists 
650 |x Biography 
904 |i Minh 
980 |a Trung tâm Học liệu Trường Đại học Cần Thơ